Problemes de l"education Scolaire Sovietique /
Shranjeno v:
| Glavni avtor: | |
|---|---|
| Format: | Sách giấy |
| Izdano: |
Mát-xcơ-va :
Tiến bộ ,
1977
|
| Oznake: |
Označite
Brez oznak, prvi označite!
|
| Thư viện lưu trữ: | Thư viện Trường Đại học Đà Lạt |
|---|
| LEADER | 00585nam a2200253 4500 | ||
|---|---|---|---|
| 001 | DLU020016080 | ||
| 005 | ##10/30/2000 | ||
| 020 | # | # | |a 978- |
| 041 | # | # | |f re |
| 082 | # | # | |a 370 |b MA-A |
| 090 | # | # | |a 370 |b MA-A |
| 100 | # | # | |a Makarenco, A. |
| 245 | # | # | |a Problemes de l"education Scolaire Sovietique / |c Makarenco A. |
| 260 | # | # | |a Mát-xcơ-va : |b Tiến bộ , |c 1977 |
| 300 | # | # | |a 263 tr.; |c 21 cm. |
| 992 | # | # | |a 599 |
| 994 | # | # | |a DLU |
| 900 | # | # | |a False |
| 911 | # | # | |a Administrator |
| 925 | # | # | |a G |
| 926 | # | # | |a A |
| 927 | # | # | |a SH |
| 980 | # | # | |a Thư viện Trường Đại học Đà Lạt |